Symptoms
| Main Author: | Rosenfeld, Isadore |
|---|---|
| Published: |
New York:
Simon and Schuster.
|
| Subjects: |
| LEADER | 00512cam a2200181 7i4500 | ||
|---|---|---|---|
| 001 | 0000053117 | ||
| 005 | 20200610090000.0 | ||
| 020 | |a 067166140X (hbk.) | ||
| 020 | |a 9780671661403 (hbk.) | ||
| 090 | 0 | 0 | |a RC81 |b .R68 1989 |
| 100 | 1 | |a Rosenfeld, Isadore | |
| 245 | 1 | 0 | |a Symptoms |c Isadore Rosenfeld. |
| 260 | |a New York: |b Simon and Schuster. | ||
| 300 | |a 366 p. | ||
| 650 | 0 | 0 | |a Symptomatology |
| 650 | 0 | 0 | |a Medicine, Popular |
| 997 | |a Health Sciences, Faculty | ||
| 999 | |a 0000025934 |b BOK |c OPEN SHELF |e 1st Floor, Shah Alam | ||


